000 00718cam a22002055a 4500
020 _a9788189304737
020 _a8189304739
082 0 4 _a627.50954
_bYAD/EM
245 1 0 _aEmerging trends in watershed management /
260 _aDelhi :
_bSatish Serial Pub. House,
_c2010.
300 _axx, 769 p. :
_bill., maps ;
520 _aPapers presented at a Conference on "Environmental and Livelihood Security through Resource Management in Northern India, held at Chandigarh during 29-31 October 2007.
650 0 _aWatershed management
650 0 _aWatershed management
650 0 _aNatural resources
650 0 _aWater harvesting
650 0 _aSustainable development
700 1 _aYadav, R. P.
942 _cBK
999 _c13752
_d13752